| 000 | 00551nam a22001817a 4500 | ||
|---|---|---|---|
| 999 |
_c167490 _d167490 |
||
| 005 | 20220217163213.0 | ||
| 010 | _aENG-126419 | ||
| 020 |
_a978-93-50330-51-7 _c150.00 |
||
| 035 | _aEN-109951 | ||
| 037 | _bDBAD/PUB | ||
| 082 | _a920 | ||
| 100 | _aJoyce,James | ||
| 245 |
_aA Portrait of The Artist As A Young Man / _cby James Joyce |
||
| 260 |
_aU.P _bMaple Press _c2017 |
||
| 270 |
_bNoida _aA-63,Secter 58, _e201301 _k+91 120 4553581 _k4553583 _minfo@maplepress.co.in |
||
| 300 |
_a280p. _c22cm(pbk) |
||
| 942 |
_2ddc _cEN _h920 _mJOY |
||